[Event "IND-ch U19 Girls 25th"]
[Site "Puri"]
[Date "2010.10.05"]
[Round "7"]
[White "Manasa, K."]
[Black "Bharathi, R."]
[Result "0-1"]
[WhiteElo "1967"]
[BlackElo "2120"]
[PlyCount "100"]
[EventDate "2010.10.01"]
[EventType "tourn"]
[EventRounds "11"]
[EventCountry "IND"]
[SourceTitle "CBM 138 Extra"]
[Source "ChessBase"]
[SourceDate "2010.10.29"]
[SourceVersion "1"]
[SourceVersionDate "2010.10.29"]
[SourceQuality "1"]

1. e4 c5 2. Nc3 Nc6 3. g3 g6 4. Bg2 Bg7 5. d3 d6 6. Be3 e5 7. Nge2 Nge7 8. 0-0 0-0 9. f4 Nd4 10. Qd2 Be6 11. h3 Qd7 12. Kh2 Rab8 13. Ng1 b5 14. g4 f5 15. gxf5 gxf5 16. Nf3 Nxf3+ 17. Rxf3 Ng6 18. Kh1 exf4 19. Bxf4 fxe4 20. Nxe4 Nxf4 21. Rxf4 Bxh3 22. Raf1 Rxf4 23. Qxf4 Rd8 24. Qg3 Bxg2+ 25. Kxg2 Kh8 26. Ng5 Rf8 27. Qh4 h6 28. Rxf8+ Bxf8 29. Ne4 Qg7+ 30. Kh3 Be7 31. Qf4 Qg6 32. Qg4 Qxg4+ 33. Kxg4 Kg7 34. Kh5 a6 35. Ng3 Bf8 36. Nf5+ Kf6 37. Nh4 Bg7 38. Ng2 Kf5 39. Ne3+ Kf4 40. Nd5+ Kf3 41. Nc7 Bxb2 42. Kxh6 Ke2 43. Nxa6 Kd2 44. Nc7 b4 45. Nb5 Kxc2 46. Nxd6 Kxd3 47. Kg5 c4 48. Nxc4 Kxc4 49. Kf5 Ba3 50. Ke4 Kc3 0-1

[Event "IND-ch U19 Girls 25th"]
[Site "Puri"]
[Date "2010.10.03"]
[Round "4"]
[White "Aparajita, Gochhikar"]
[Black "Bharathi, R."]
[Result "0-1"]
[WhiteElo "1896"]
[BlackElo "2120"]
[PlyCount "86"]
[EventDate "2010.10.01"]
[EventType "tourn"]
[EventRounds "11"]
[EventCountry "IND"]
[SourceTitle "CBM 138 Extra"]
[Source "ChessBase"]
[SourceDate "2010.10.29"]
[SourceVersion "1"]
[SourceVersionDate "2010.10.29"]
[SourceQuality "1"]

1. e4 c5 2. c3 d6 3. d4 Nc6 4. Nf3 Nf6 5. d5 Nb8 6. Bd3 g6 7. c4 Bg7 8. Nc3 0-0 9. Bf4 Na6 10. Qd2 Nc7 11. Bh6 a6 12. Bxg7 Kxg7 13. a4 b6 14. h4 h5 15. Nh2 Bd7 16. f4 e5 17. fxe5 dxe5 18. Qg5 Ng4 19. Qxd8 Raxd8 20. Nxg4 hxg4 21. Rb1 a5 22. Kd2 Ne8 23. Nb5 Bxb5 24. axb5 Nd6 25. h5 Rh8 26. hxg6 Kxg6 27. Ke3 Kg5 28. b3 Rdf8 29. Rbf1 f6 30. Bc2 Ne8 31. Rd1 Ng7 32. Rxh8 Rxh8 33. d6 Ne6 34. Rd5 Nf4 35. Rd2 Kh4 36. Kf2 Ne6 37. d7 Nd4 38. Bd1 Rd8 39. g3+ Kg5 40. Ke3 Rxd7 41. Rh2 Nf5+ 42. exf5 Rxd1 43. Rf2 Rb1 0-1

[Event "IND-chB (Women)"]
[Site "Shilpgram"]
[Date "2010.08.27"]
[Round "10"]
[White "Bharathi, R."]
[Black "Amrutha, Mokal"]
[Result "0-1"]
[WhiteElo "2143"]
[BlackElo "2068"]
[PlyCount "114"]
[EventDate "2010.08.20"]
[EventType "swiss"]
[EventRounds "11"]
[EventCountry "IND"]
[SourceTitle "CBM 138 Extra"]
[Source "ChessBase"]
[SourceDate "2010.10.29"]
[SourceVersion "1"]
[SourceVersionDate "2010.10.29"]
[SourceQuality "1"]

1. e4 c5 2. Nf3 e6 3. d4 cxd4 4. Nxd4 a6 5. c4 Nf6 6. Nc3 Qc7 7. a3 Nc6 8. Be3 d6 9. Be2 h5 10. f3 Ne5 11. Rc1 Be7 12. 0-0 0-0 13. b4 b6 14. h3 Bb7 15. f4 Ned7 16. Bf3 Rfe8 17. Re1 Bf8 18. Qd2 Rac8 19. Bf2 e5 20. Nd5 Qd8 21. Nf5 g6 22. fxe5 Nxd5 23. exd5 Nxe5 24. Ne3 Nxf3+ 25. gxf3 Qg5+ 26. Kh1 Qf4 27. Qd1 Bh6 28. Rc2 Re7 29. Ng2 Rxe1+ 30. Bxe1 Qf5 31. Rc3 Qxh3+ 32. Kg1 Bg7 33. Rc2 Qf5 34. Ne3 Qg5+ 35. Ng2 Qf5 36. Ne3 Qf4 37. Ng2 Qd4+ 38. Qxd4 Bxd4+ 39. Bf2 Bxf2+ 40. Kxf2 Bxd5 41. Ne3 Be6 42. Rd2 Rc6 43. b5 axb5 44. cxb5 Rc5 45. a4 d5 46. Rb2 Bc8 47. Rb4 Kf8 48. Kg3 Ke7 49. Rd4 Kd6 50. f4 Be6 51. Rd3 Rc1 52. Kh4 Kc5 53. Kg5 d4 54. Nd1 Bf5 55. Rd2 Rc2 56. Rxc2+ Bxc2 57. Nb2 d3 0-1